Perturbation methods for engineers and scientists

Αποθηκεύτηκε σε:
Λεπτομέρειες βιβλιογραφικής εγγραφής
Κύριος συγγραφέας: Bush, Alan W.
Μορφή: Βιβλίο
Γλώσσα:English
Δημοσίευση: Boca Raton : CRC Press, c1992
Θέματα:
Ετικέτες: Προσθήκη ετικέτας
Δεν υπάρχουν, Καταχωρήστε ετικέτα πρώτοι!

MARC

LEADER 00000nam a2200000 i 4500
001 1/76691
008 080305s1992 eng d
020 |a 0-8493-8608-X 
035 |l 10095253 
040 |a GR-MY-UA  |b gre  |e aacr 
041 0 |a eng 
082 0 |a 531.110151535  |2 (22) 
100 1 |a Bush, Alan W. 
245 1 0 |a Perturbation methods for engineers and scientists /  |c author, Alan W. Bush 
260 |a Boca Raton :   |b CRC Press,   |c c1992 
300 |a xii, 303 σ.;  |b εικ.;  |c 25 εκ. 
504 |a Περιέχει βιβλιογραφικές παραπομπές (σ. 299-300) και ευρετήριο 
650 0 0 |a Perturbation (Mathematics) 
852 |a INST  |b SAMOS  |e 20080305  |h 531.110151535 BUS  |p 005300026730  |q 005300026730  |t BK  |y 0 
901 |a BIBL3-2008-1 
909 |a Σ  |b 146199 
922 |a 3ΕΛΗ  |b 200802  |c ΕΠΕΑΕΚ2/ΤΜΗΜΑ ΜΑΘΗΜΑΤΙΚΩΝ  |d ΠΑΠΑΣΩΤΗΡΙΟΥ 
970 |a ΡΟΥΣΣΟΥ  |b ΚΩΝΣΤΑΝΤΙΝΑ  |z 2008/03/05